Countries by Images Part III - Statistics

General Stats
  • This quiz has been taken 21 times
  • The average score is 6 of 16
Answer Stats
Picture Answer % Correct
Spain
84%
Spain
84%
South Africa
68%
Portugal
58%
Vietnam
53%
Finland
37%
Poland
37%
New Zealand
32%
Fiji
26%
Indonesia
26%
Tanzania
26%
Azerbaijan
21%
Ecuador
21%
Kuwait
21%
Oman
21%
Panama
21%
No matching quizzes found
Score Distribution
Percent of People with Each Score
Percentile by Number Answered
Your Score History
You have not taken this quiz